[Event "Wch FIDE Online U14 Asia qual"]
[Site "Tornelo INT"]
[Date "2020.12.13"]
[Round "6"]
[White "Bharath, Subramaniyam H"]
[Black "Sun, Jiajun B"]
[Result "0-1"]
[WhiteElo "2437"]
[BlackElo "2040"]
[PlyCount "158"]
[EventDate "2020.12.11"]
[EventType "swiss (rapid)"]
[EventRounds "7"]
[EventCountry "ISS"]
[SourceTitle "EXT 2022"]
[Source "ChessBase"]
[SourceDate "2021.10.06"]
[SourceVersion "1"]
[SourceVersionDate "2021.10.06"]
[SourceQuality "1"]

1. Nf3 Nf6 2. g3 c5 3. Bg2 Nc6 4. 0-0 g6 5. d3 d5 6. Nbd2 Bg7 7. e4 0-0 8. Qe2 e6 9. Rd1 Qc7 10. c3 b6 11. Nf1 Ba6 12. Qc2 Rad8 13. Bg5 h6 14. Bxf6 Bxf6 15. Ne3 d4 16. Ng4 Bg7 17. e5 Nxe5 18. Nfxe5 Bxe5 19. Nxh6+ Kh7 20. Ng4 Bg7 21. h4 dxc3 22. bxc3 Qd6 23. Bf1 f5 24. Ne3 f4 25. Nc4 Qc7 26. g4 f3 27. Bh3 Qf4 28. Qc1 Bxc4 29. Qxf4 Rxf4 30. dxc4 Rxd1+ 31. Rxd1 Rxc4 32. Rd7 Rxc3 33. Rxa7 Rc1+ 34. Kh2 c4 35. g5 c3 36. Rc7 c2 37. Bg4 Kg8 38. Rc8+ Kf7 39. Bxf3 Be5+ 40. Kg2 Bd4 41. Be4 Bc5 42. Rc7+ Kf8 43. Kf3 Rf1 44. Bxc2 Rxf2+ 45. Ke4 Rxc2 46. Ra7 Re2+ 47. Kf3 Re1 48. a4 e5 49. a5 e4+ 50. Kg2 Ra1 51. a6 Ra2+ 52. Kg3 e3 53. Ra8+ Ke7 54. Ra7+ Ke6 55. Ra8 Kd7 56. Ra7+ Ke6 57. Ra8 Kd5 58. Kf3 Kc6 59. h5 gxh5 60. g6 Bd4 61. Rd8 e2 62. Re8 Rxa6 63. Kxe2 Ra5 64. Re6+ Kd7 65. Re4 Bg7 66. Rf4 Re5+ 67. Kf3 Re7 68. Kg2 Ke6 69. Rb4 Rb7 70. Rc4 Kf6 71. Rc6+ Kg5 72. Kh3 b5 73. Rc5+ Kxg6 74. Kh4 b4 75. Rxh5 b3 76. Rg5+ Kf7 77. Rf5+ Kg8 78. Rf1 b2 79. Rb1 Rc7 0-1

[Event "CHN-RUS U14 rapid"]
[Site "Jinan"]
[Date "2019.12.13"]
[Round "5.1"]
[White "Sun, Jiajun B"]
[Black "Yakimova, Mariya"]
[Result "1-0"]
[WhiteElo "1977"]
[BlackElo "2288"]
[PlyCount "83"]
[EventDate "2019.12.12"]
[EventType "team-schev (rapid)"]
[EventRounds "8"]
[EventCountry "CHN"]
[SourceTitle "CBM 193 Extra"]
[Source "ChessBase"]
[SourceDate "2020.01.31"]
[SourceVersion "1"]
[SourceVersionDate "2020.01.31"]
[SourceQuality "1"]
[WhiteTeam "China"]
[BlackTeam "Russia"]
[WhiteTeamCountry "CHN"]
[BlackTeamCountry "RUS"]

1. e4 c5 2. Nf3 Nc6 3. d4 cxd4 4. Nxd4 Nf6 5. Nc3 e5 6. Ndb5 d6 7. a4 a6 8. Na3 Be6 9. Nc4 Rc8 10. Be3 Nd4 11. Bxd4 Bxc4 12. Bxc4 Rxc4 13. Be3 Qc8 14. f3 Be7 15. 0-0 0-0 16. Qd3 Qc6 17. a5 h6 18. Rfd1 Rc8 19. Ra3 Bf8 20. Rb3 Ne8 21. Nd5 Rb8 22. c3 Ra4 23. Bb6 g6 24. Rb4 Rxb4 25. Nxb4 Qa4 26. Rb1 Be7 27. b3 Qd7 28. Nd5 Bd8 29. Bxd8 Rxd8 30. Nb6 Qc6 31. b4 Nc7 32. Rd1 Kg7 33. c4 Ne6 34. Qd5 Nd4 35. Rd3 Rc8 36. Nxc8 Qxc8 37. Kf2 Qc7 38. Rc3 Nb5 39. Rc1 Nd4 40. c5 Nb5 41. Rc4 Na3 42. cxd6 1-0

[Event "Wch U14"]
[Site "Mumbai"]
[Date "2019.10.10"]
[Round "9"]
[White "Amanzhol, Sultan"]
[Black "Sun, Jiajun B"]
[Result "1-0"]
[WhiteElo "2032"]
[BlackElo "1966"]
[PlyCount "99"]
[EventDate "2019.10.02"]
[EventType "swiss"]
[EventRounds "11"]
[EventCountry "IND"]
[SourceTitle "EXT 2020"]
[Source "ChessBase"]
[SourceDate "2019.10.17"]
[SourceVersion "1"]
[SourceVersionDate "2019.10.17"]
[SourceQuality "1"]

1. d4 Nf6 2. c4 e6 3. Nc3 Bb4 4. a3 Bxc3+ 5. bxc3 c5 6. e3 d6 7. Bd3 Nc6 8. Ne2 e5 9. 0-0 Na5 10. e4 Nd7 11. f4 b6 12. Ng3 g6 13. Ra2 Nc6 14. fxe5 dxe5 15. d5 Na5 16. Raf2 f6 17. Qa4 Ke7 18. Bh6 Rg8 19. h4 Ba6 20. Qd1 Qc7 21. Qe2 Qd6 22. h5 Rae8 23. Rf3 Kd8 24. R1f2 Re7 25. Nf1 Rf7 26. Ne3 Ke7 27. Rg3 Kd8 28. Nf5 Qb8 29. Nh4 g5 30. Nf5 Nb7 31. Rgf3 Nd6 32. Nxd6 Qxd6 33. Rf5 g4 34. Bg5 Kc7 35. Bh4 Bc8 36. g3 Qf8 37. Qf1 Qh6 38. Bxf6 Rxf6 39. Rxf6 Nxf6 40. Rxf6 Qe3+ 41. Kg2 Rg5 42. Rh6 Qd2+ 43. Be2 Rg7 44. Rc6+ Kb7 45. Rxc8 Rg5 46. Rf8 Qc2 47. d6 Qxe4+ 48. Kg1 Qe3+ 49. Qf2 Qc1+ 50. Bf1 1-0

[Event "Wch U14"]
[Site "Mumbai"]
[Date "2019.10.05"]
[Round "5"]
[White "Colbow, Collin"]
[Black "Sun, Jiajun B"]
[Result "0-1"]
[WhiteElo "2148"]
[BlackElo "1966"]
[PlyCount "80"]
[EventDate "2019.10.02"]
[EventType "swiss"]
[EventRounds "11"]
[EventCountry "IND"]
[SourceTitle "EXT 2020"]
[Source "ChessBase"]
[SourceDate "2019.10.17"]
[SourceVersion "1"]
[SourceVersionDate "2019.10.17"]
[SourceQuality "1"]

1. e4 c5 2. Nf3 e6 3. d4 cxd4 4. Nxd4 a6 5. Nc3 b5 6. Bd3 Bb7 7. 0-0 Qc7 8. Re1 d6 9. Nd5 exd5 10. exd5+ Ne7 11. Bf4 Kd8 12. Qe2 Qd7 13. Bg5 h6 14. Bf5 Qc7 15. Qh5 hxg5 16. Qxh8 Nd7 17. Re3 Nxf5 18. Nxf5 Qc5 19. Ne7 Bxd5 20. b4 Qc4 21. Rae1 Bb7 22. Nf5 Qg4 23. Ng3 Kc7 24. Qh7 Ne5 25. h3 Qxb4 26. Qh5 f6 27. Nf5 Kb6 28. Qd1 Qc5 29. Nd4 Qd5 30. f3 Rc8 31. a3 g6 32. Qa1 Qc4 33. R1e2 f5 34. Rb3 Ka7 35. Rb4 Qc5 36. Kh1 Be7 37. Qb1 Bd8 38. Nb3 Qb6 39. a4 Nc6 40. a5 Qc7 0-1

[Event "CHN-chB"]
[Site "Hangzhou"]
[Date "2019.07.04"]
[Round "5"]
[White "Sun, Jiajun B"]
[Black "Zhang, Fuhan"]
[Result "0-1"]
[WhiteElo "1987"]
[BlackElo "2174"]
[PlyCount "58"]
[EventDate "2019.07.02"]
[EventType "swiss"]
[EventRounds "11"]
[EventCountry "CHN"]
[SourceTitle "CBM 191 Extra"]
[Source "ChessBase"]
[SourceDate "2019.09.30"]
[SourceVersion "1"]
[SourceVersionDate "2019.09.30"]
[SourceQuality "1"]

1. e4 c5 2. Nf3 Nc6 3. d4 cxd4 4. Nxd4 Qc7 5. Nc3 e6 6. Be2 a6 7. Be3 Nf6 8. 0-0 Bb4 9. Nxc6 bxc6 10. f3 d5 11. exd5 exd5 12. Na4 Bd6 13. Nb6 Bxh2+ 14. Kh1 Bg3 15. Nxa8 Qe7 16. Bf2 Ne4 17. Bxg3 Nxg3+ 18. Kg1 Nxe2+ 19. Kf2 Nf4 20. Re1 Ne6 21. f4 Qa7+ 22. Kf1 0-0 23. f5 a5 24. g3 Ng5 25. Qh5 Ne4 26. Rxe4 dxe4 27. f6 Qd4 28. fxg7 Ba6+ 29. Kg2 Qd2+ 0-1

[Event "CHN-chT2"]
[Site "Jiangmen"]
[Date "2018.07.16"]
[Round "10.2"]
[White "Sun, Jiajun B"]
[Black "Nie, Xinyang"]
[Result "1/2-1/2"]
[WhiteElo "1966"]
[BlackElo "2322"]
[PlyCount "61"]
[EventDate "2018.07.10"]
[EventType "team-swiss"]
[EventRounds "11"]
[EventCountry "CHN"]
[SourceTitle "EXT 2019"]
[Source "ChessBase"]
[SourceDate "2018.10.10"]
[SourceVersion "1"]
[SourceVersionDate "2018.10.10"]
[SourceQuality "1"]
[WhiteTeam "Shandong Chess and Cards"]
[BlackTeam "Chongqing Kowloon Kylin"]
[WhiteTeamCountry "CHN"]
[BlackTeamCountry "CHN"]

1. e4 e6 2. d4 a6 3. Nf3 d5 4. exd5 exd5 5. Bd3 Nf6 6. 0-0 Be7 7. c3 0-0 8. Bf4 Bg4 9. h3 Bh5 10. Nbd2 Nbd7 11. Qc2 c5 12. dxc5 Nxc5 13. Nd4 Nxd3 14. Qxd3 Bg6 15. Qf3 Ne4 16. Nxe4 Bxe4 17. Qe2 Bc5 18. Be3 Re8 19. Rfe1 Rc8 20. Rad1 Bd6 21. Qg4 Bb8 22. Bf4 h5 23. Qg3 Ba7 24. Bg5 f6 25. Bf4 Qd7 26. f3 Bh7 27. Rxe8+ Rxe8 28. Re1 Bd3 29. Kh2 Kh7 30. Qh4 Rxe1 31. Qxe1 1/2-1/2